000 00615cam a2200229 a 4500
001 953841
005 20180117034617.0
008 840831s1984 caua b 001 0 eng
010 _a 84061885
020 _z0916318138 (pbk.) :
_c$9.95
040 _aDLC
_cDLC
_dDLC
041 _aeng
043 _an-us---
080 _a370.973
082 0 0 _a370.973 KIR
_219
100 1 _a46
101 _aEDU
245 1 0 _aWho controls our schools? :
_cMichael W. Kirst.
504 _aBibliography: p. 167-171.
906 _a7
_bcbc
_corignew
_d2
_eopcn
_f19
_gy-gencatlg
942 _2ddc
_cBK
999 _c40399
_d40399